[Event "Montigny le Bretonneux op 20th"]
[Site "Montigny le Bretonneux"]
[Date "2022.10.25"]
[Round "4"]
[White "Benard, Franck"]
[Black "Yu, Etan"]
[Result "1-0"]
[WhiteElo "1365"]
[BlackElo "1199"]
[PlyCount "89"]
[EventDate "2022.10.22"]
[EventType "swiss"]
[EventRounds "9"]
[EventCountry "FRA"]
[SourceTitle "EXT 2024"]
[Source "ChessBase"]
[SourceDate "2023.10.10"]
[SourceVersion "1"]
[SourceVersionDate "2023.10.10"]
[SourceQuality "1"]

1. e4 c5 2. Nf3 d6 3. h3 Nf6 4. Nc3 a6 5. a4 Nc6 6. d4 cxd4 7. Nxd4 e5 8. Nxc6 bxc6 9. Bc4 Be7 10. 0-0 Bb7 11. Rb1 c5 12. Qe2 Rb8 13. Bxa6 Bxa6 14. Qxa6 0-0 15. Be3 Qc7 16. b3 Ra8 17. Qc4 Rfb8 18. f3 Rb4 19. Qd3 Qb6 20. Kh1 Nh5 21. Rfd1 h6 22. Nd5 Qb7 23. Nxb4 Qxb4 24. Qd5 Rd8 25. g4 Ng3+ 26. Kg2 Ne2 27. Bd2 Qd4 28. Qxd4 Nxd4 29. c3 Ne6 30. a5 Ra8 31. Ra1 Bd8 32. b4 cxb4 33. cxb4 Nd4 34. Be1 Nc2 35. Kg3 Nxa1 36. Rxa1 Rb8 37. a6 Bb6 38. a7 Ra8 39. Bf2 Bxa7 40. Rxa7 Rxa7 41. Bxa7 Kf8 42. b5 Ke7 43. b6 Kd7 44. b7 Ke6 45. b8Q 1-0

[Event "Montigny le Bretonneux op 20th"]
[Site "Montigny le Bretonneux"]
[Date "2022.10.22"]
[Round "1"]
[White "Larzilliere, Eric"]
[Black "Yu, Etan"]
[Result "1-0"]
[WhiteElo "1457"]
[BlackElo "1199"]
[PlyCount "93"]
[EventDate "2022.10.22"]
[EventType "swiss"]
[EventRounds "9"]
[EventCountry "FRA"]
[SourceTitle "EXT 2024"]
[Source "ChessBase"]
[SourceDate "2023.10.10"]
[SourceVersion "1"]
[SourceVersionDate "2023.10.10"]
[SourceQuality "1"]

1. e4 c5 2. Nf3 d6 3. d4 cxd4 4. Nxd4 Nf6 5. Nc3 a6 6. Bg5 e6 7. f4 Nbd7 8. Qf3 Be7 9. 0-0-0 Nc5 10. e5 Nfd7 11. Bxe7 Qxe7 12. exd6 Qxd6 13. Nf5 Qf8 14. Nd6+ Kd8 15. b4 Kc7 16. bxc5 Nxc5 17. Nce4 Nxe4 18. Qxe4 Qe7 19. Qe5 Kb6 20. Nc4+ Ka7 21. Qd4+ Kb8 22. Qd6+ Qxd6 23. Rxd6 Kc7 24. Rd4 Bd7 25. Ne5 Be8 26. Bc4 f6 27. Nf3 Bf7 28. Rhd1 Rad8 29. Rxd8 Rxd8 30. Rxd8 Kxd8 31. f5 Ke7 32. fxe6 Bxe6 33. Bxe6 Kxe6 34. Kd2 b5 35. Kd3 Kd5 36. Nd4 g6 37. g4 b4 38. h3 h6 39. Ne2 a5 40. Nf4+ Kc5 41. Nxg6 a4 42. Nf4 a3 43. Nh5 f5 44. gxf5 Kd5 45. f6 Ke6 46. Kc4 b3 47. Kxb3 1-0